Lecciones de teoria del derecho / (Registro nro. 18793)

Detalles MARC
000 -LEADER
fixed length control field 01446nam a2200277 a 4500
003 - CONTROL NUMBER IDENTIFIER
control field CO-CtgCURN
005 - DATE AND TIME OF LATEST TRANSACTION
control field 20250331184416.0
007 - PHYSICAL DESCRIPTION FIXED FIELD--GENERAL INFORMATION
fixed length control field ta
008 - FIXED-LENGTH DATA ELEMENTS--GENERAL INFORMATION
fixed length control field 090107s2008 sp e 000 1 spa d
017 ## - COPYRIGHT OR LEGAL DEPOSIT NUMBER
Copyright or legal deposit number M 36978-2008
020 ## - INTERNATIONAL STANDARD BOOK NUMBER
International Standard Book Number 9788480048705
040 ## - CATALOGING SOURCE
Original cataloging agency CO-CtgCURN
Language of cataloging spa
Transcribing agency coctgcurn
082 04 - DEWEY DECIMAL CLASSIFICATION NUMBER
Classification number 340.12
Item number S456
100 1# - MAIN ENTRY--PERSONAL NAME
Personal name Segura Ortega, Manuel.
245 10 - TITLE STATEMENT
Title Lecciones de teoria del derecho /
Statement of responsibility, etc. Manuel Segura Ortega.
260 ## - PUBLICATION, DISTRIBUTION, ETC.
Place of publication, distribution, etc. Madrid :
Name of publisher, distributor, etc. Centro Estudios Ramon Arces,
Date of publication, distribution, etc. 2008.
300 ## - PHYSICAL DESCRIPTION
Extent 313 p. ;
Dimensions 24 cm.
336 ## - CONTENT TYPE
Source rdacontent
337 ## - MEDIA TYPE
Source rdamedia
Media type term sin mediacion
Media type code n
338 ## - CARRIER TYPE
Source rdacarrier
Carrier type term volumen
Carrier type code nc
520 8# - SUMMARY, ETC.
Summary, etc. Poner a disposicion del estudiante un instrumento util que facilite la comprension de los temas a traves de la claridad en la exposicion y la necesaria comunicación profesor alumno. Sus contenidos actualizados y selecciónados responden a la estructura esencial del manual de filosofia del derecho: Problemas clasicos de la materia; conceptos jurídicos elementales y fundamentales para el conocimiento del "Derecho" en su conjunto; ofrecer un panorama general de las distintas corrientes de pensamiento y las disputas doctrinales, que invita al lector a un razonamiento critico y la formacion de su propia opinion.
650 14 - SUBJECT ADDED ENTRY--TOPICAL TERM
Topical term or geographic name entry element Filosofia del derecho.
650 14 - SUBJECT ADDED ENTRY--TOPICAL TERM
Topical term or geographic name entry element Teoria del derecho.
942 ## - ADDED ENTRY ELEMENTS (KOHA)
Koha item type Libros
Classification part 340.12
Item part S456
Source of classification or shelving scheme Dewey Decimal Classification
Existencias
Withdrawn status Lost status Source of classification or shelving scheme Damaged status Not for loan Collection Home library Current library Shelving location Date acquired Inventory number Total checkouts Full call number Barcode Date last seen Copy number Price effective from Koha item type Public note
    Dewey Decimal Classification     General Miguel Henríquez Castañeda Miguel Henríquez Castañeda General 03/31/2025 018135   340.12 S456 018135 03/31/2025 ej.1 03/31/2025 Libros 340-DEREC